Enormous smallness : (Record no. 194972)
[ view plain ]
| 000 -LEADER | |
|---|---|
| fixed length control field | 01633nam a2200385 i 4500 |
| 001 - CONTROL NUMBER | |
| control field | BK0015621315 |
| 005 - DATE AND TIME OF LATEST TRANSACTION | |
| control field | 20241220162249.0 |
| 008 - FIXED-LENGTH DATA ELEMENTS--GENERAL INFORMATION | |
| fixed length control field | 150325s2015 nyua j 000 0beng d |
| 010 ## - LIBRARY OF CONGRESS CONTROL NUMBER | |
| LC control number | bl2015012524 |
| 020 ## - INTERNATIONAL STANDARD BOOK NUMBER | |
| International Standard Book Number | 9781592701711 : HRD |
| Terms of availability | $17.95 |
| 020 ## - INTERNATIONAL STANDARD BOOK NUMBER | |
| International Standard Book Number | 159270171X : HRD |
| Terms of availability | $17.95 |
| 037 ## - SOURCE OF ACQUISITION | |
| Source of stock number/acquisition | Consortium Book Sales & Dist, C/O Perseus Distribution 1094 Flex Dr, Jackson, TN, USA, 38301-5070 |
| Note | SAN 631-760X |
| 040 ## - CATALOGING SOURCE | |
| Original cataloging agency | NjBwBT |
| Language of cataloging | eng |
| Transcribing agency | NjBwBT |
| Description conventions | rda |
| 050 14 - LIBRARY OF CONGRESS CALL NUMBER | |
| Classification number | PS3505.U334 |
| Item number | Z564 2015 |
| 082 04 - DEWEY DECIMAL CLASSIFICATION NUMBER | |
| Classification number | 811/.52 |
| 082 04 - DEWEY DECIMAL CLASSIFICATION NUMBER | |
| Classification number | B |
| Edition number | 23 |
| 092 ## - LOCALLY ASSIGNED DEWEY CALL NUMBER (OCLC) | |
| Classification number | 811.5200 |
| 100 1# - MAIN ENTRY--PERSONAL NAME | |
| Personal name | Burgess, Matthew, |
| Relator term | author. |
| 9 (RLIN) | 6440620 |
| 245 10 - TITLE STATEMENT | |
| Title | Enormous smallness : |
| Remainder of title | a story of E.E. Cummings / |
| Statement of responsibility, etc | by Matthew Burgess ; illustrations by Kris Di Giacomo. |
| 250 ## - EDITION STATEMENT | |
| Edition statement | First edition. |
| 260 ## - PUBLICATION, DISTRIBUTION, ETC. (IMPRINT) | |
| Name of publisher, distributor, etc | Consortium Book Sales & Dist |
| Date of publication, distribution, etc | 2015 |
| 264 #1 - Production, Publication, Distribution, Manufacture, and Copyright Notice. | |
| Place of production, publication, distribution, manufacture | New York : |
| Name of producer, publisher, distributor, manufacturer | Enchanted Lion Books, |
| Date of production, publication, distribution, manufacture, or copyr | 2015. |
| 300 ## - PHYSICAL DESCRIPTION | |
| Other physical details | color illustrations ; |
| Dimensions | 30 cm |
| 336 ## - Content Type | |
| Content type term | text |
| 337 ## - Media type | |
| Media type term | unmediated |
| 338 ## - Carrier type | |
| Carrier type term | volume |
| 520 ## - SUMMARY, ETC. | |
| Summary, etc | Presents the life and work of the twentieth-century American writer, focusing on his fascination with words from a young age and highlighting his poetry's inspirational properties. |
| 600 10 - SUBJECT ADDED ENTRY--PERSONAL NAME | |
| Personal name | Cummings, E. E. |
| Fuller form of name | (Edward Estlin), |
| Dates associated with a name | 1894-1962 |
| Form subdivision | Juvenile literature. |
| 9 (RLIN) | 6531982 |
| 650 #0 - SUBJECT ADDED ENTRY--TOPICAL TERM | |
| Topical term or geographic name as entry element | Poets, American |
| Chronological subdivision | 20th century |
| Form subdivision | Biography |
| -- | Juvenile literature. |
| 9 (RLIN) | 6412794 |
| 650 #0 - SUBJECT ADDED ENTRY--TOPICAL TERM | |
| Topical term or geographic name as entry element | Young adult poetry, American. |
| 9 (RLIN) | 94797 |
| 600 11 - SUBJECT ADDED ENTRY--PERSONAL NAME | |
| Personal name | Cummings, E. E. |
| Fuller form of name | (Edward Estlin), |
| Dates associated with a name | 1894-1962. |
| 650 #1 - SUBJECT ADDED ENTRY--TOPICAL TERM | |
| Topical term or geographic name as entry element | Poets, American. |
| 650 #1 - SUBJECT ADDED ENTRY--TOPICAL TERM | |
| Topical term or geographic name as entry element | American poetry. |
| 700 1# - ADDED ENTRY--PERSONAL NAME | |
| Personal name | DiGiacomo, Kris, |
| Relator term | illustrator. |
| 9 (RLIN) | 6275775 |
| Withdrawn status | Lost status | Source of classification or shelving scheme | Damaged status | Not for loan | Collection code | Home library | Current library | Shelving location | Date acquired | Source of acquisition | Cost, normal purchase price | Total Checkouts | Total Renewals | Full call number | Barcode | Date last seen | Date checked out | Cost, replacement price | Price effective from | Koha item type |
|---|---|---|---|---|---|---|---|---|---|---|---|---|---|---|---|---|---|---|---|---|
| Dewey Decimal Classification | Children NonFiction | Wasatch County Library | Wasatch County Library | Main Floor Childrens Area | 10/02/2015 | Amazon | 17.95 | 35 | 16 | E Biograpny Cum | 34301001442989 | 09/12/2025 | 08/08/2025 | 17.95 | 03/20/2020 | BOOK |
